La inflación en el derecho privado y tributario: documentos

Gardado en:
Detalles Bibliográficos
Autor Corporativo: Coordinadora de Investigaciones Profesor Jaime Eyzaguirre (Author)
Formato: Libro
Idioma:Lingua castelá
Publicado: Santiago Universidad Católica de Chile 1976
Subjects:
Tags: Engadir etiqueta
Sen Etiquetas, Sexa o primeiro en etiquetar este rexistro!

MARC

LEADER 00000nam a2200000 a 4500
001 UCS1856
003 CL-VaPUC
008 970515e19760000CL |||||||||||||||||spa|d
082 0 4 |a 346.07  |b COO  |2 21 
110 2 |a Coordinadora de Investigaciones Profesor Jaime Eyzaguirre  |e author  |9 386706 
245 1 3 |a La inflación en el derecho privado y tributario: documentos 
300 |a 15 h 
942 |c BK 
945 |d 19970515 00:00:00  |a paguirre 
260 |a Santiago  |b Universidad Católica de Chile  |c 1976 
650 0 |a Derecho comercial   |9 256340 
650 0 |a Contratos  |9 255153 
650 0 |a Obligaciones   |9 255578 
650 0 |a Inflación   |9 257218 
650 0 |a Interés  |9 336484 
583 |a last modification  |c 19970515 00:00:00  |k Rodrigo Vera 
999 |c 259888  |d 259886 
952 |0 0  |1 0  |2 ddc  |4 0  |6 346_070000000000000_COO_1976  |7 0  |8 A  |9 285392  |a BIBDER  |b BIBDER  |d 2019-11-19  |i 1855042  |o 346.07 COO 1976  |p 1855042  |r 2023-01-25  |w 2019-11-19  |y MX  |k DER